The pillars of marriage. (Record no. 14684)

000 -LEADER
fixed length control field 00633nam a2200193 a 4500
001 - CONTROL NUMBER
control field :::00012517$&:&@@
003 - CONTROL NUMBER IDENTIFIER
control field OkBaRHE
005 - DATE AND TIME OF LATEST TRANSACTION
control field 20000607103420.0
008 - FIXED-LENGTH DATA ELEMENTS--GENERAL INFORMATION
fixed length control field s1979 j 000 0 eng u
040 ## - CATALOGING SOURCE
Transcribing agency
100 1# - MAIN ENTRY--PERSONAL NAME
Personal name Wright, H. Norman.
245 14 - TITLE STATEMENT
Title The pillars of marriage.
260 ## - PUBLICATION, DISTRIBUTION, ETC. (IMPRINT)
Place of publication, distribution, etc Glendale, CA., :
Name of publisher, distributor, etc GL Regal Books
Date of publication, distribution, etc c1979
300 ## - PHYSICAL DESCRIPTION
Extent 173 p. ;
Dimensions 21 cm.
650 ## - SUBJECT ADDED ENTRY--TOPICAL TERM
Topical term or geographic name as entry element Marriage
942 ## - ADDED ENTRY ELEMENTS (KOHA)
Source of classification or shelving scheme
Koha item type Books
Copies
Koha item type Withdrawn status Price effective from Not for loan Source of classification or shelving scheme Date acquired Permanent Location Barcode Damaged status Copy number Shelving location Lost status Full call number Date last seen
Books 2010-04-14  2010-04-14RHEMA Bible Training College12517 1General Stacks HQ 734 .W94952010-04-14
Books 2010-04-14  2010-04-14RHEMA Bible Training College15391 2General Stacks HQ 734 .W94952010-04-14